| 000 | 00474cam a22001337a 4500 | ||
|---|---|---|---|
| 008 | 180718b2006 xxu||||| |||| 00| 0 eng d | ||
| 100 | _aHostland, Doug | ||
| 245 |
_aAssessing debt sustainability in emerging market economies using stochastic simulation methods _cby Doug Hostland and Philippe Karam |
||
| 260 |
_aWashington, D.C. _bWorld Bank _c2006 |
||
| 300 | _a34p. | ||
| 440 | _aPolicy research working paper; no. 3821 | ||
| 650 | _aEconomics | ||
| 700 | _aKaram, Philippe | ||
| 999 |
_c293067 _d293067 |
||